| 000 | 00350nam a2200145 a 4500 | ||
|---|---|---|---|
| 008 | 980515s1974||||xx 0 und c | ||
| 040 |
_aSNK _bslo _cSNK _eAACR2 |
||
| 100 | 1 | _aFiguli, Margita | |
| 245 | 1 | 0 | _aVíchor v nás |
| 260 |
_aBratislava _bSlovenský spisovateľ _c1974 |
||
| 300 | _a405 s. | ||
| 020 | _c23 | ||
| 044 |
_axo _cSK |
||
| 041 | _aslo | ||
| 999 |
_c10608 _d10608 |
||